Le Sénégal pour les touristes... - Facile - Statistiques

Statistiques générales
  • Ce quiz a été pris 126 fois
  • Le résultat moyen est 13 sur 20
Statistiques - réponses
Question Indice Réponses Indice facile % Correct
Quelles sont les langues officielles ? Français F
97%
Quelles sont les langues officielles ? Wolof W
95%
Quelles sont les principaux lieux touristiques ? D Ville de {Dakar} KARDA
82%
Quel pays a accordé son indépendance à celui-ci ? France
79%
La religion majoritaire est Islam I
79%
Achats à faire 4/ Confiture de Baobab ABBOAB
78%
Achats à faire 3/ Tissus locaux appelés Wax XAW
78%
Ce pays est plus grand que la France (oui/non) Non
77%
Dans la capitale quel est le décalage horaire avec Paris ? (+ ou - et chiffre) ex - 10 - 2
76%
Quelles sont les principaux lieux touristiques ? R Lac {rose} SERO
76%
Quelle est la monnaie ? Franc CFA F
73%
Achats à faire 2/ Tableaux de sable BLASE
66%
Achats à faire 1/ Peinture sous verre REVER
63%
Quel est le régime du pays ? République
57%
Quelles sont les principaux lieux touristiques ? S Ville de {Saint-Louis} OASSINIULT
57%
Code sur les plaques minéralogiques SN
56%
Le suffixe internet est sn
56%
Achats à faire 5/ Parfum Encens NSECNE
48%
Le principal aéroport est T Thiès
24%
Quels est le climat local ? T D {Tropical} & {Désertique}
22%
Aucun quiz correspondant
Distribution des résultats
% des personnes avec chaque résultat
Percentile par nombre de réponses
Votre historique - résultats
Vous n’avez pas pris ce quiz